000
00260nam a22001217a 4500
008
210304b ||||| |||| 00| 0 eng d
041
_a
eng
080
_a
004
100
_a
35
101
_a
SHKI
245
_a
C/Database Toolchest
_c
Worldwide
942
_2
udc
_c
BK
999
_c
55741
_d
55741